| 000 | 00511nam a2200181 a 4500 | ||
|---|---|---|---|
| 001 | 000015658 | ||
| 005 | 20200929164116.0 | ||
| 008 | 100217s1972 mx a 000 0 spa d | ||
| 040 |
_aDO-SdBNP _bspa _cBNPHU |
||
| 082 |
_axxx _bP328t |
||
| 100 | 1 |
_aPaulino, Aliro _935311 |
|
| 245 | 1 | 0 |
_aDoces temas de México / _cAliro Paulino. |
| 246 | 1 | 2 | _a12 temas de México |
| 260 |
_aMéxico : _b[s. n.], _c1972. |
||
| 300 |
_a116 p. : _bil. ; _c28 cm. |
||
| 500 | _aIncluye datos biográficos del autor | ||
| 049 | _aBNPD | ||
| 999 |
_c15210 _d15210 |
||